00342nam a2200157Ia 4500008004100000041000800041100001000049245002200059260003100081300000900112365000700121520001200128520001500140650001000155999001900165230605s1992 xx 000 0 und d aeng aArora aTheory of cookery bFrank Brothers & Co.c1992 a250p h10 aGeneral aHard Board aF.Pro c419593d419593